000 00431nam a2200181Ia 4500
005 20250423095143.0
008 250422s9999 xx 000 0 und d
020 _a9789351118220
050 _a TK 146 .G37/
100 _aDr. Sunil Garg
245 0 _aElectrical technology
260 _aNew Delhi
260 _bRandom Publications
260 _c2016
300 _a282 p
650 _aElectrical engineering.
942 _cBK
999 _c29404
_d29404